Návrh procesu optimalizácie firemnej kultúry v spoločnosti VACUUMSCHMELZE, s.r.o. Horná Streda : Diplomová práca

Salvato in:
Dettagli Bibliografici
Autore principale: Gajdošechová, Veronika (Autore)
Altri autori: Krajčovič, Jozef, 1960- (xxx)
Natura: Manoscritto Libro
Lingua:slovacco
Pubblicazione: Trnava : STU v Bratislave MtF KPIM, 2006
Soggetti:
Tags: Aggiungi Tag
Nessun Tag, puoi essere il primo ad aggiungerne!!

MARC

LEADER 00000ntm a22000003a 4500
001 stu121810
005 20160719155440.0
008 060623s2006----xo------------------slo-d
040 |a STU  |b slo 
041 0 |a slo 
044 |a xo 
100 1 |a Gajdošechová, Veronika  |4 aut 
245 1 |a Návrh procesu optimalizácie firemnej kultúry v spoločnosti VACUUMSCHMELZE, s.r.o. Horná Streda :  |b Diplomová práca 
260 |a Trnava :  |b STU v Bratislave MtF KPIM,  |c 2006 
300 |a 91 s  |c príl., 1 CD 
650 7 |a priemyselné inžinierstvo a manažment  |2 stusub 
650 7 |a firemná kultúra  |2 stusub 
700 1 |a Krajčovič, Jozef,  |d 1960-  |4 xxx  |u M1000  |U MTF Materiálovotechnologická fakulta  |T MTF Ústav materiálov  |X 2757  |U M1000  |Y 81  |7 A000002757 
996 |b 284M073581  |c M*DP-6116  |l MMSKP  |s P  |a 0  |w stu121810_0001